Т. 62, № 2; Журнал неорганической химии

التفاصيل البيبلوغرافية
Parent link:Журнал неорганической химии/ Российская академия наук (РАН), Отделение химии и наук о материалах РАН. Т. 62, № 2.— , 1956-
اللغة:الروسية
منشور في: 2017
التنسيق: MixedMaterials كتاب
KOHA link:https://koha.lib.tpu.ru/cgi-bin/koha/opac-detail.pl?biblionumber=572642

MARC

LEADER 00000nam2a2200000 4500
001 572642
005 20231101125504.0
035 |a (RuTPU)RU\TPU\prd\270820 
090 |a 572642 
100 |a 20170417a19569999k y0rusy50 ca 
101 0 |a rus 
102 |a RU 
200 0 |a Т. 62, № 2 
210 |d 2017 
461 1 |0 (RuTPU)RU\TPU\prd\160  |t Журнал неорганической химии  |f Российская академия наук (РАН), Отделение химии и наук о материалах РАН  |v Т. 62, № 2  |d 1956- 
801 0 |a RU  |b 63413507  |c 20010227  |g PSBO 
801 1 |a RU  |b 63413507  |c 20170417 
801 2 |a RU  |b 63413507  |c 20230411  |g RCR 
942 |c BK 
999 |a НТБ_ТПУ  |b НФ  |e -1/20170117  |p П-5998  |s 3/20161228  |u 0,00  |v 1